[Event "AUTO-MASTER-2852"]
[Site "http://www.queenalice.com/game.php?id=1573407"]
[Date "2019.6.5"]
[Round "1"]
[White "leduar"]
[Black "A2019"]
[Result "0-1"]
[WhiteElo "2141"]
[BlackElo "2264"]

1. e4 d6 2. d4 g6 3. Bd3 Bg7 4. Ne2 Nf6 5. O-O O-O 6. Nbc3 Nbd7 7. f4 c5 8. dxc5
Nxc5 9. Rb1 a6 10. Nd5 Nfxe4 11. Bxe4 Nxe4 12. Qd3 Nf6 13. Nec3 Nxd5 14. Nxd5
Bf5 15. Qb3 b5 16. Be3 Be4 17. Nc3 Bxc3 18. Qxc3 Rc8 19. Qa3 Rxc2 20. Bf2 Qa8
21. Rbc1 Rxc1 22. Rxc1 Bxg2 23. Qg3 Be4 24. Rc7 Rc8 25. Rxe7 Rc1+ 26. Be1 Qc6
27. Qe3 Bh1 28. Re8+ Kg7 29. Qd4+ Kh6 30. Qd2 Rc2 31. Qxc2 Qxc2 32. Kxh1 Qc6+
0-1

[Event "AUTO-MASTER-2852"]
[Site "http://www.queenalice.com/game.php?id=1573422"]
[Date "2019.6.5"]
[Round "1"]
[White "tariann"]
[Black "leduar"]
[Result "1/2-1/2"]
[WhiteElo "2227"]
[BlackElo "2123"]

1. e4 e5 2. Nf3 Nc6 3. Bb5 a6 4. Bxc6 dxc6 5. O-O Bg4 6. h3 h5 7. d3 Qf6 8. Nbd2
Bxf3 9. Nxf3 O-O-O 10. Bg5 Qd6 11. Bxd8 Kxd8 12. d4 Qe6 13. dxe5+ Kc8 14. Qd4 c5
15. Qd5 Ne7 16. Qxe6+ fxe6 17. Ng5 Rh6 18. Rad1 Nc6 19. Nf7 Rh7 20. Rd3 Be7 21.
Rfd1 g5 22. Rf3 Nd4 23. Nxg5 Bxg5 24. Rf8+ Bd8 25. c3 Nc6 26. f4 Rd7 27. Rb1 b5
28. Kf2 Kb7 29. Re8 Ne7 30. g4 hxg4 31. hxg4 Ng6 32. Ke3 c4 33. Rf1 Nxe5 34.
fxe5 Bg5+ 35. Kf3 Rd3+ 36. Kg2 a5 37. Rxe6 b4 38. cxb4 axb4 39. Rf3 Rxf3 40.
Kxf3 c3 41. bxc3 bxc3 42. Rg6 c2 43. Rxg5 c1=Q 44. Rh5 c5 45. e6 Kc7 46. e5 Kd8
47. Ke4 Qd2 48. Rh8+ Ke7 49. Rc8 Qg2+ 50. Kf5 Qf3+ 51. Kg5 Kxe6 52. a4 Qe3+ 53.
Kg6 Kd7 54. Rf8 Qxe5 55. a5 Kc6 56. Rf6+ Kb7 57. g5 c4 58. Rf7+ Kc8 59. Rf8+ Kd7
60. a6 Qe4+ 61. Kg7 c3 62. a7 c2 63. a8=Q Qxa8 64. Rxa8 c1=Q 65. g6 Qb2+ 66. Kh7
Qc2 67. Rf8 Ke7 68. Rf7+ Ke8 69. Kg7 Qc3+ 70. Kh7 Qd3 71. Kg7 Qd6 72. Kh7 Qe5
73. Kh6 Qh2+ 74. Kg7 Qh5 75. Kf6 Qh8+ 76. Kg5 Qh3 77. Kf6 Qc3+ 78. Kg5 Qe5+ 79.
Kh6 Qh2+ 1/2-1/2

[Event "AUTO-MASTER-2852"]
[Site "http://www.queenalice.com/game.php?id=1573423"]
[Date "2019.6.5"]
[Round "1"]
[White "leduar"]
[Black "tariann"]
[Result "0-1"]
[WhiteElo "2133"]
[BlackElo "2200"]

1. e4 e5 2. Nf3 Nc6 3. Bb5 f5 4. Nc3 Nf6 5. Bxc6 dxc6 6. Nxe5 Bd6 7. d4 fxe4 8.
O-O O-O 9. Bg5 Bf5 10. Qe2 Qe8 11. Bxf6 gxf6 12. Ng4 Qg6 13. Ne3 Bd7 14. Kh1 f5
15. Nc4 Rae8 16. Nxd6 cxd6 17. f4 Be6 18. Rae1 Kh8 19. Qd2 d5 20. Qe3 Rg8 21.
Qh3 Qg4 22. Qxg4 Rxg4 23. Re3 Reg8 24. Rf2 c5 25. Ne2 b6 26. dxc5 bxc5 27. c3
Rd8 28. h3 Rg7 29. Rf1 d4 30. cxd4 cxd4 31. Rd1 d3 32. Nc3 Rb7 33. Rd2 Rdb8 34.
b3 Rc7 35. Nxe4 fxe4 36. Rxe4 Rc1+ 37. Kh2 Rc2 38. Rxe6 Rxd2 39. f5 Rg8 40. f6
Rdxg2+ 41. Kh1 Rg1+ 0-1

[Event "AUTO-MASTER-2852"]
[Site "http://www.queenalice.com/game.php?id=1573432"]
[Date "2019.6.5"]
[Round "1"]
[White "pomar"]
[Black "leduar"]
[Result "0-1"]
[WhiteElo "1997"]
[BlackElo "2145"]

1. f3 e5 2. Kf2 d5 3. e3 Bd6 4. g3 Nf6 5. c4 d4 6. d3 c5 7. Bh3 O-O 8. Kg2 Nc6
9. e4 h6 10. Bxc8 Qxc8 11. Nh3 Qe6 12. Rf1 Nd7 13. f4 exf4 14. Nxf4 Bxf4 15.
Bxf4 g5 16. Bd2 f5 17. exf5 Rxf5 18. Rxf5 Qxf5 19. Qe2 Qf7 20. Na3 Re8 21. Qf2
Qxf2+ 22. Kxf2 Nde5 23. b3 Nxd3+ 24. Kf1 Rf8+ 25. Kg1 Rf2 26. Nb1 Nce5 0-1

[Event "AUTO-MASTER-2852"]
[Site "http://www.queenalice.com/game.php?id=1573433"]
[Date "2019.6.5"]
[Round "1"]
[White "leduar"]
[Black "pomar"]
[Result "1/2-1/2"]
[WhiteElo "2143"]
[BlackElo "2012"]

1. e4 e6 2. d4 d5 3. e5 c5 4. c3 Qb6 5. Nf3 Nc6 6. Bd3 Bd7 7. dxc5 Bxc5 8. O-O
a5 9. a4 Nge7 10. Nbd2 Qc7 11. Nb3 Bb6 12. Bf4 Ng6 13. Bxg6 hxg6 14. Bg3 Ne7 15.
Nbd4 Nf5 16. Nxf5 gxf5 17. Nd4 g5 18. f4 g4 19. Rc1 Rc8 20. Qd3 Bxa4 21. Kh1
Bxd4 22. Qxd4 Bb5 23. Rfe1 Qc4 24. Qa7 Ba6 25. Qb6 a4 26. Red1 Rc6 27. Qa5 Qb3
28. Rd2 Kd7 29. Bf2 Qc4 30. Rd4 Qe2 31. Kg1 Qxb2 32. Rcd1 Qxc3 33. Qxa4 Rc8 34.
Be1 Qe3+ 35. Bf2 Qe2 36. Bh4 Qb5 37. Qa3 Qc5 38. Qa4 Bb5 39. Qb3 Ba6 40. Kh1 Rb6
41. Rxd5+ exd5 42. Rxd5+ Qxd5 43. Qxd5+ Ke8 44. h3 gxh3 45. gxh3 Rb2 46. Qd1 Be2
47. Qa4+ Bb5 48. Qd1 Be2 49. Qa4+ Bb5 1/2-1/2

[Event "AUTO-OPEN-3998"]
[Site "http://www.queenalice.com/game.php?id=1587680"]
[Date "2019.10.23"]
[Round "3"]
[White "Spiritus"]
[Black "leduar"]
[Result "1-0"]
[WhiteElo "2373"]
[BlackElo "2126"]

1. e4 e5 2. Bc4 Nf6 3. d4 exd4 4. Nf3 d5 5. exd5 Nxd5 6. O-O Be6 7. Nxd4 Bc5 8.
Nxe6 fxe6 9. Qg4 Qf6 10. Bxd5 exd5 11. Qc8+ Qd8 12. Re1+ Be7 13. Rxe7+ 1-0

[Event "AUTO-OPEN-3998"]
[Site "http://www.queenalice.com/game.php?id=1587681"]
[Date "2019.10.23"]
[Round "3"]
[White "leduar"]
[Black "Spiritus"]
[Result "1/2-1/2"]
[WhiteElo "2152"]
[BlackElo "2384"]

1. e4 c5 2. c3 Nf6 3. e5 Nd5 4. d4 cxd4 5. Nf3 Nc6 6. cxd4 d6 7. Bc4 dxe5 8.
Bxd5 Qxd5 9. Nc3 Qd6 10. dxe5 Qxd1+ 11. Nxd1 Bg4 12. Bf4 Bxf3 13. gxf3 e6 14.
O-O Nd4 15. Kg2 Bc5 16. Nc3 O-O 17. Rac1 Bb4 18. Bg3 Rac8 19. a3 Bxc3 20. Rxc3
Rxc3 21. bxc3 Ne2 22. c4 Rc8 23. Rb1 Rc7 24. Rb2 Nc3 25. f4 b6 26. Rb4 Kf8 27.
Kf3 Ke8 28. f5 b5 29. cxb5 Na2 30. Rb3 Rc3+ 31. Rxc3 Nxc3 32. fxe6 fxe6 33. Ke3
Nxb5 34. a4 Nc3 35. a5 Na4 36. Kd4 Kd7 37. f4 g6 1/2-1/2

[Event "AUTO-OPEN-3632"]
[Site "http://www.queenalice.com/game.php?id=1590669"]
[Date "2019.11.19"]
[Round "2"]
[White "maurice91"]
[Black "leduar"]
[Result "0-1"]
[WhiteElo "1852"]
[BlackElo "2160"]

1. d4 Nf6 2. Bf4 e6 3. e3 d5 4. Nf3 Bd6 5. Ne5 Nbd7 6. Nxd7 Qxd7 7. Bg3 b6 8.
Nd2 O-O 9. Bd3 c5 10. c3 cxd4 11. Bxd6 Qxd6 12. exd4 e5 13. O-O e4 14. Bc2 Ng4
15. g3 e3 16. fxe3 Nxe3 17. Qc1 Nxf1 18. Qxf1 Qh6 19. Nf3 Bh3 20. Qd3 Rae8 21.
Ng5 g6 22. Nxh3 Qxh3 23. Rf1 Re7 24. Qf3 Qe6 25. Rd1 Qe3+ 26. Qxe3 Rxe3 27. Rd2
Rfe8 28. Kf2 f5 29. a3 Kf7 30. Bb3 Kf6 31. Bxd5 Kg5 32. Bf3 h5 33. d5 h4 34. c4
hxg3+ 35. hxg3 Kf6 36. g4 fxg4 37. Bxg4 Kg5 38. Bf3 Kf5 39. Rd4 Rb3 40. Rd2 g5
41. d6 g4 42. Bd5 g3+ 43. Kg2 Rd8 44. c5 Rb5 45. c6 Rxd6 46. Be4+ Kxe4 47. Rxd6
Rxb2+ 48. Kxg3 Rc2 49. Rd7 Rc3+ 50. Kg4 Rxa3 51. c7 Rc3 52. c8=Q Rxc8 53. Rxa7
Rb8 54. Ra4+ Kd5 55. Kf4 b5 56. Ra1 Kd4 57. Rh1 b4 58. Kf3 Kd3 59. Rb1 b3 60.
Kf2 Kc2 61. Re1 b2 62. Re2+ Kd3 63. Re3+ Kd4 0-1

[Event "AUTO-OPEN-3632"]
[Site "http://www.queenalice.com/game.php?id=1590670"]
[Date "2019.11.19"]
[Round "2"]
[White "leduar"]
[Black "maurice91"]
[Result "1-0"]
[WhiteElo "2159"]
[BlackElo "1781"]

1. e4 c6 2. d4 d6 3. Bd3 Nd7 4. Nf3 h6 5. Nc3 g5 6. h3 Bg7 7. Be3 Nf8 8. e5 d5
9. Ne2 Ng6 10. O-O e6 11. c4 N8e7 12. cxd5 cxd5 13. Nc3 Bd7 14. Nb5 Bxb5 15.
Bxb5+ Nc6 16. Qa4 Ne7 17. Nd2 O-O 18. Nb3 a6 19. Bxc6 bxc6 20. Nc5 Qb6 21. Nd7
Qxb2 22. Nxf8 Bxf8 23. Rab1 Qc3 24. Qb4 Qd3 25. Qb7 Rc8 26. Qa7 Nf5 27. Rb3 Qc2
28. Qxa6 Re8 29. Rb7 Nxe3 30. fxe3 Qe4 31. Qe2 c5 32. Rbxf7 cxd4 33. Qb5 Qxe3+
34. Kh1 Ra8 35. Qb7 Rd8 36. Rh7 Qxe5 37. Qf7# 1-0

[Event "AUTO-MASTER-2920"]
[Site "http://www.queenalice.com/game.php?id=1598664"]
[Date "2020.2.7"]
[Round "1"]
[White "leduar"]
[Black "popcorn"]
[Result "0-1"]
[WhiteElo "2157"]
[BlackElo "2241"]

1. e4 d6 2. d4 Nf6 3. Nc3 g6 4. Bd2 Bg7 5. Bc4 O-O 6. Nf3 Nc6 7. O-O Bg4 8. Be3
e5 9. d5 Ne7 10. h3 Bd7 11. Qd2 Ne8 12. Ng5 h6 13. Nf3 Kh7 14. Bd3 f5 15. exf5
gxf5 16. g4 e4 17. Nxe4 fxe4 18. Bxe4+ Ng6 19. g5 Bf5 20. gxh6 Be5 21. Ng5+ Kh8
22. Bxf5 Rxf5 23. f4 Bxf4 24. Bxf4 Nxf4 25. Ne6 Nxh3+ 26. Kh2 Qh4 27. Qc3+ Nf6
0-1

[Event "AUTO-MASTER-2920"]
[Site "http://www.queenalice.com/game.php?id=1598665"]
[Date "2020.2.7"]
[Round "1"]
[White "popcorn"]
[Black "leduar"]
[Result "1-0"]
[WhiteElo "2217"]
[BlackElo "2167"]

1. d4 Nf6 2. c4 e6 3. Nf3 c5 4. d5 exd5 5. cxd5 d6 6. Nc3 Be7 7. e4 O-O 8. Bd3
Nbd7 9. O-O h6 10. Re1 Nh7 11. Bf4 Nb6 12. e5 Bg5 13. Bxh7+ Kxh7 14. Bxg5 hxg5
15. e6 fxe6 16. dxe6 Qe7 17. Ne4 Rf5 18. Qxd6 Qxd6 19. Nxd6 Rd5 20. e7 1-0

[Event "AUTO-MASTER-2920"]
[Site "http://www.queenalice.com/game.php?id=1598666"]
[Date "2020.2.7"]
[Round "1"]
[White "leduar"]
[Black "BigRezi"]
[Result "0-1"]
[WhiteElo "2124"]
[BlackElo "2028"]

1. e4 e6 2. d4 d5 3. e5 c5 4. c3 Qb6 5. Nf3 cxd4 6. cxd4 Bb4+ 7. Nc3 Nc6 8. Be2
Nge7 9. a3 Bxc3+ 10. bxc3 O-O 11. O-O Na5 12. Bg5 Ng6 13. Rb1 Qc6 14. Be7 Re8
15. Bb5 Qc7 16. Bd6 Qxc3 17. Bxe8 b6 0-1

[Event "AUTO-MASTER-2920"]
[Site "http://www.queenalice.com/game.php?id=1598667"]
[Date "2020.2.7"]
[Round "1"]
[White "BigRezi"]
[Black "leduar"]
[Result "1-0"]
[WhiteElo "2032"]
[BlackElo "2109"]

1. e4 e5 2. Nf3 Nc6 3. d4 exd4 4. c3 dxc3 5. Bc4 cxb2 6. Bxb2 d5 7. Bxd5 Bb4+ 8.
Nbd2 Bd7 9. O-O Nf6 10. Bb3 O-O 11. a3 Bxd2 12. Nxd2 Bg4 13. f3 Be6 14. Bxe6
fxe6 15. Qc2 Nd4 16. Qd1 e5 17. Nc4 c5 18. Nxe5 1-0

[Event "AUTO-OPEN-4135"]
[Site "http://www.queenalice.com/game.php?id=1598842"]
[Date "2020.2.9"]
[Round "1"]
[White "BobFish"]
[Black "leduar"]
[Result "1-0"]
[WhiteElo "1685"]
[BlackElo "2093"]

1. e4 e5 2. d4 exd4 3. Qxd4 Nc6 4. Qd3 d6 5. a3 Be6 6. Nf3 Nge7 7. Be3 g6 8. Be2
Bg7 9. Nc3 O-O 10. h4 h5 11. O-O-O 1-0

[Event "AUTO-OPEN-4135"]
[Site "http://www.queenalice.com/game.php?id=1598843"]
[Date "2020.2.9"]
[Round "1"]
[White "leduar"]
[Black "BobFish"]
[Result "0-1"]
[WhiteElo "2063"]
[BlackElo "1715"]

1. e4 c5 2. c3 d5 3. exd5 Qxd5 4. d4 cxd4 5. cxd4 Nc6 6. Nf3 Bg4 7. Nc3 Bxf3 8.
gxf3 Qxd4 9. Qxd4 Nxd4 10. Nb5 Ne6 0-1

[Event "AUTO-OPEN-4135"]
[Site "http://www.queenalice.com/game.php?id=1598868"]
[Date "2020.2.9"]
[Round "1"]
[White "leduar"]
[Black "RichardH"]
[Result "0-1"]
[WhiteElo "2136"]
[BlackElo "2146"]

1. e4 c5 2. c3 Nf6 3. e5 Nd5 4. d4 cxd4 5. Nf3 e6 6. cxd4 d6 7. Bc4 Nc6 8. Bxd5
exd5 9. O-O dxe5 10. dxe5 Be7 11. Nc3 Be6 12. Be3 O-O 13. Bd4 Bg4 14. Qd3 Bxf3
15. gxf3 Bg5 16. Kh1 Bf4 17. Rg1 g6 18. e6 Nxd4 19. Qxd4 fxe6 20. Rg4 Qf6 0-1

[Event "AUTO-OPEN-4135"]
[Site "http://www.queenalice.com/game.php?id=1598869"]
[Date "2020.2.9"]
[Round "1"]
[White "RichardH"]
[Black "leduar"]
[Result "1-0"]
[WhiteElo "2134"]
[BlackElo "2148"]

1. d4 Nf6 2. c4 e6 3. Nc3 Bb4 4. Qc2 d5 5. cxd5 exd5 6. Bg5 O-O 7. e3 b6 8. a3
Bxc3+ 9. Qxc3 Bb7 10. Bxf6 gxf6 11. Bd3 Kh8 12. Qc2 f5 13. Bxf5 Qg5 14. Nh3 Qxg2
15. Rg1 Qf3 16. Ng5 Qh5 17. Qxc7 Ba6 18. Rg4 f6 19. Nxh7 Nd7 20. Qxd7 Rf7 21.
Qe6 1-0